000 00478nam a2200193Ia 4500
008 101110s9999 xx 000 0 und d
041 _aENGLISH
082 _bSR9264
_a530.12
100 _aMatthews
245 _aIntroduction to quantum Mechanics
365 _b13.5
520 _aPhysics
546 _aENGLISH
630 _aIntroduction to quantum Mechanics
650 _aPhysics
655 _aPhysics
730 _aIntroduction to quantum Mechanics
942 _cBOOK
999 _c804484
_d804481